The Constitution of Pakistan 1973. (Record no. 343601)

000 -LEADER
fixed length control field 00401 a2200145 4500
082 ## - DEWEY DECIMAL CLASSIFICATION NUMBER
Classification number 342.5491023
090 ## - LOCALLY ASSIGNED LC-TYPE CALL NUMBER (OCLC); LOCAL CALL NUMBER (RLIN)
-- 1067
-- 1067
100 ## - MAIN ENTRY--PERSONAL NAME
Personal name Mahmood,Safdar.
245 ## - TITLE STATEMENT
Title The Constitution of Pakistan 1973.
Remainder of title Comments and Comparison
Statement of responsibility, etc. Dr.Safdar Mahmood.
250 ## - EDITION STATEMENT
Edition statement 1st edition
260 ## - PUBLICATION, DISTRIBUTION, ETC.
Place of publication, distribution, etc. Lahore
Name of publisher, distributor, etc. A.H.Publisher
Date of publication, distribution, etc. 1994
300 ## - PHYSICAL DESCRIPTION
Extent 260p
500 ## - GENERAL NOTE
General note Hard cover
942 ## - ADDED ENTRY ELEMENTS (KOHA)
Institution code [OBSOLETE] NBS
Koha item type Book
Call number prefix 342.5491023 MAH
Holdings
Withdrawn status Lost status Damaged status Not for loan Permanent Location Current Location Date acquired Total Checkouts Full call number Barcode Date last seen Price effective from Koha item type
        Central Library (CL) Central Library (CL) 08/28/2013   342.5491023 MAH NBS2312 12/03/2013 08/28/2013 Book
© 2023 Central Library, National University of Sciences and Technology. All Rights Reserved.